000 00647nam a2200229Ia 4500
003 OSt
005 20221007074202.0
006 a|||||r|||| 00| 0
007 ta
008 221006b |||||||| |||| 00| 0 eng d
024 _a46,218
037 _cTextual
040 _aFLL
_cFLL
_beng
041 _2eng
_aeng
082 _aW6:91, Q8
100 _aROSANVALLON Pierre Au.
_9692661
245 0 _aGood government
_b democracy beyond elections
260 _aMassachusetts
_bHarvard University Press USA
_c2018
300 _a338p. vi
_ccm.
942 _hW6:91, Q8
_cTEXL
_2CC
999 _c1151467
_d1151467